LEADER 01324nam0-22003731i-450- 001 990006912070403321 005 20120607191300.0 010 $a88-14-07426-7 035 $a000691207 035 $aFED01000691207 035 $a(Aleph)000691207FED01 035 $a000691207 100 $a20120607d1999----km-y0itay50------ba 101 0 $aita 102 $aIT 105 $ay-------001yy 200 1 $aDiritto, libertà e privacy nel mondo della comunicazione globale$eil contributo della teoria generale del diritto allo studio della normativa sulla tutela dei dati personali$fClaudio de Giacomo 210 $aMilano$cGiuffrè$d1999 215 $aXXV, 301 p.$d24 cm 225 1 $aStudi giuridici$fUniversità degli studi di Lecce. Sez. di filosofia del diritto e della politica$v12 610 0 $aDiritto alla riservatezza$aTutela$aEffetti dell'innovazione tecnologica 676 $a342.450 858$v21$zita 700 1$aDe Giacomo,$bClaudio$0231829 801 0$aIT$bUNINA$gRICA$2UNIMARC 901 $aBK 912 $a990006912070403321 952 $aUniv. 186 (12)$b35684$fFSPBC 952 $aIX B 92$b3419$fDDCIC 952 $a19-E-252$b10803$fDDCP 959 $aFSPBC 959 $aDDCIC 959 $aDDCP 996 $aDiritto, libertà e privacy nel mondo della comunicazione globale$9630100 997 $aUNINA LEADER 01513nam a22003975i 4500 001 991002249979707536 007 cr nn 008mamaa 008 121227s1994 de | s |||| 0|eng d 020 $a9783540490463 035 $ab14144566-39ule_inst 040 $aBibl. Dip.le Aggr. Matematica e Fisica - Sez. Matematica$beng 082 04$a516.35$223 084 $aAMS 14C25 084 $aAMS 14C30 084 $aAMS 14D07 084 $aAMS 19E15 084 $aAMS 32J25 100 1 $aGreen, Mark L.$060693 245 10$aAlgebraic cycles and hodge theory$h[e-book] :$blectures given at the 2nd session of the Centro Internationale Matematico Estivo (C.I.M.E.) held in Torino, Italy, june 21-29, 1993 /$cby Mark L. Green, Jacob P. Murre, Claire Voisin ; edited by Fabio Bardelli, Alberto Albano 260 $aBerlin :$bSpringer,$c1994 300 $a1 online resource (viii, 276 p.) 440 0$aLecture Notes in Mathematics,$x1617-9692 ;$v1594 650 0$aMathematics 650 0$aGeometry, algebraic 650 0$aAlgebraic topology 700 1 $aMurre, Jacob P. 700 1 $aVoisin, Claire 700 1 $aBardelli, Fabio 700 1 $aAlbano, Alberto 773 0 $aSpringer eBooks 856 40$uhttp://dx.doi.org/10.1007/b52495$zAn electronic book accessible through the World Wide Web 907 $a.b14144566$b03-03-22$c05-09-13 912 $a991002249979707536 996 $aAlgebraic cycles and hodge theory$9262452 997 $aUNISALENTO 998 $ale013$b05-09-13$cm$d@ $e-$feng$gde $h0$i0 LEADER 04084nam 22006735 450 001 9910483442403321 005 20200920004558.0 010 $a3-642-45416-X 024 7 $a10.1007/978-3-642-45416-5 035 $a(CKB)3710000000095048 035 $a(EBL)1698374 035 $a(OCoLC)881161843 035 $a(SSID)ssj0001187383 035 $a(PQKBManifestationID)11642136 035 $a(PQKBTitleCode)TC0001187383 035 $a(PQKBWorkID)11257601 035 $a(PQKB)10056906 035 $a(MiAaPQ)EBC1698374 035 $a(DE-He213)978-3-642-45416-5 035 $a(PPN)177821876 035 $a(EXLCZ)993710000000095048 100 $a20140325d2014 u| 0 101 0 $aeng 135 $aur|n|---||||| 181 $ctxt 182 $cc 183 $acr 200 14$aThe New International Telecommunication Regulations and the Internet $eA Commentary and Legislative History /$fby Richard Hill 205 $a1st ed. 2014. 210 1$aBerlin, Heidelberg :$cSpringer Berlin Heidelberg :$cImprint: Springer,$d2014. 215 $a1 online resource (192 p.) 225 1 $aPublikationen aus dem Zentrum fu?r Informations- und Kommunikationsrecht der Universita?t Zu?rich ;$vBand 57 300 $aDescription based upon print version of record. 311 $a3-642-45415-1 320 $aIncludes bibliographical references and index. 327 $aHistory -- The 1988 International Telecommunication Regulations -- The Path to Revision -- What Happened at WCIT -- Overall Analysis of the 2012 treaty -- Article-by-Article Commentary -- Resolutions -- Conclusions and Implications for National Legislators and Regulators. 330 $aThis book provides a clear and thorough account of the process leading up to the revision of the International Telecommunication Regulations (ITRs) one of the four treaties administered by the ITU. The author?s inside view of the events, and his legal analysis of the new ITRs, are different from that what has been aired in most other accounts to date. His systematic approach shows how much of the criticism of the WCIT-12 process, and of the ITRs themselves, is unjustified. This book provides the most accurate view to date of what the ITRs really mean and of what really happened at WCIT-12, which was undoubtedly a key event in the history of telecommunication policy and which is likely to have significant long-term effects. The book covers in some detail the events leading to the non-signature of the treaty by a significant number of states, outlines possible consequences of that split between states, and offers possible ways forward. The book includes a detailed article-by-article analysis of the new ITRs, explaining their implications, and concludes with recommendations for national authorities. It concludes with an analysis of events from the point of view of dispute resolution theory, offering suggestions for how to avoid divisive outcomes in the future. 410 0$aPublikationen aus dem Zentrum fu?r Informations- und Kommunikationsrecht der Universita?t Zu?rich ;$vBand 57. 606 $aMass media 606 $aLaw 606 $aConflict of laws 606 $aConflict of laws 606 $aIT Law, Media Law, Intellectual Property$3https://scigraph.springernature.com/ontologies/product-market-codes/R15009 606 $aPrivate International Law, International & Foreign Law, Comparative Law $3https://scigraph.springernature.com/ontologies/product-market-codes/R14002 615 0$aMass media. 615 0$aLaw. 615 0$aConflict of laws. 615 0$aConflict of laws. 615 14$aIT Law, Media Law, Intellectual Property. 615 24$aPrivate International Law, International & Foreign Law, Comparative Law . 676 $a340 676 $a340.2 676 $a340.9 676 $a341 700 $aHill$b Richard$4aut$4http://id.loc.gov/vocabulary/relators/aut$0244303 906 $aBOOK 912 $a9910483442403321 996 $aThe New International Telecommunication Regulations and the Internet$92844119 997 $aUNINA